000 03668cam a2200409 i 4500
999 _c28726
_d28726
001 22297252
003 BDDh-ASL
005 20231015030948.0
008 211103s2021 nyuab b 001 0 eng
010 _a 2021049962
020 _a9781685071202
_q(hardcover)
020 _z9781685072155
_q(adobe pdf)
040 _aDLC
_beng
_cDLC
_dDLC
_dBDDh-ASL
042 _apcc
043 _aa-cc---
_aa-ii---
_aas-----
050 0 0 _aDS740.5.I5
_bK37 2021
082 0 0 _a327.51054
_223/eng/20211103
_bKAI
100 1 _aKarim, Mohammad Aminul,
_eauthor.
245 1 0 _aIs China encircling India? /
_cMohd Aminul Karim.
264 1 _aNew York :
_bNOVA Science Publishers,
_c[2021]
300 _axix, 219 pages :
_billustrations, maps ;
_c23 cm.
336 _atext
_btxt
_2rdacontent
337 _aunmediated
_bn
_2rdamedia
338 _avolume
_bnc
_2rdacarrier
490 0 _aAsian political, economic and social issues
504 _aIncludes bibliographical references (pages 187-206) and index.
520 _a"Encircling India from different flanks is seemingly a key strategic objective of China, apart from others. China needs dominance in this part of the world both for economic and strategic reasons. China wants to regain its lost grandeur that it lost during the 'Century of Humiliation' on the world stage. Southeast Asia is generally under China's influence, by means foul or fair. It could even manage the Philippines after it got a verdict in its favor in the international court on an issue related to the South China Sea. China's economic power is impacting its relations with Southeast Asian countries. Given the recent conflict between China and India, India is more likely to align itself with the United States. India is a strong partner in the Quadrilateral Dialogue (QUAD), alongside Japan, the United States, and Australia. The QUAD is getting stronger militarily, and the U.S. has been generous to India, especially under former President George W. Bush, who signed a civil nuclear agreement that set India as a nuclear power. India is likely to become a potent naval force in the Indian Ocean, where China is also making advances. China is now more closely aligned with Russia. The combined forces of China and Russia are a great deterrent to the United States. Added to that, the Bridge and Road Initiative (BRI) is drawing more countries across Asia, Africa, Europe, and the Middle East. The coming decade won't be divided by an iron curtain but clearly by two blocks vying for influence. China has huge economic and proximity advantage whereas the United States has its military component and potent alliance powers especially with India and Japan. After the pandemic, the turn of history may be different, so the 21st century scenario development may be problematic as it stands now. That said, the book attempts projection and scenario development extrapolating the vexed issues and events between India and China within the broader framework of Indo-Pacific"--
_cProvided by publisher.
651 0 _aChina
_xForeign relations
_zIndia.
651 0 _aIndia
_xForeign relations
_zChina.
651 0 _aChina
_xForeign relations
_y21st century.
651 0 _aIndia
_xForeign relations
_y21st century.
651 0 _aSouth Asia
_xStrategic aspects.
776 0 8 _iOnline version:
_aKarim, Mohammad Aminul.
_tIs China encircling India?
_dNew York : NOVA Science Publishers, [2021]
_z9781685072155
_w(DLC) 2021049963
906 _a7
_bcbc
_corignew
_d1
_eecip
_f20
_gy-gencatlg
942 _2ddc
_cBK